CBU reprieves seven students (Record no. 36895)

MARC details
000 -LEADER
fixed length control field 00684nam a2200169 a 4500
008 - FIXED-LENGTH DATA ELEMENTS--GENERAL INFORMATION
fixed length control field 091016s2009 ||||||||||||||||| || u
050 ## - LIBRARY OF CONGRESS CALL NUMBER
Classification number NEWSPAPER
110 ## - MAIN ENTRY--CORPORATE NAME
Corporate name or jurisdiction name as entry element Times of Zambia Newspapers
245 10 - TITLE STATEMENT
Title CBU reprieves seven students
Statement of responsibility, etc. by Times Reporter
260 ## - PUBLICATION, DISTRIBUTION, ETC.
Place of publication, distribution, etc. Ndola:
Name of publisher, distributor, etc. TZ
Date of publication, distribution, etc. 2009
350 ## - PRICE (NR) (BK AM CF MU VM SE) [OBSOLETE]
Price 0.00
500 ## - GENERAL NOTE
General note TZ, Thursday, October 15, 2009. p.2 MIDDLE
650 ## - SUBJECT ADDED ENTRY--TOPICAL TERM
Topical term or geographic name entry element STUDENTS -- COPPERBELT UNIVERSITY
650 ## - SUBJECT ADDED ENTRY--TOPICAL TERM
Topical term or geographic name entry element MANAGEMENT INFORMATION SYSTEMS
650 ## - SUBJECT ADDED ENTRY--TOPICAL TERM
Topical term or geographic name entry element COLLEGES AND UNIVERSITIES--ZAMBIA--STUDENTS' CONDUCT
995 ## - RECOMMENDATION 995 [LOCAL, UNIMARC FRANCE]
-- 0.00
-- CBU-MAIN LIBRARY (Kitwe)
-- 1
-- 0.00
-- 1
-- AVAILABLE
-- Oct 16, 2009
-- University Collection
Holdings
Withdrawn status Lost status Source of classification or shelving scheme Damaged status Not for loan Home library Current library Shelving location Date acquired Total Checkouts Full call number Barcode Date last seen Price effective from Koha item type
          CBU-MAIN LIBRARY, KITWE. CBU-MAIN LIBRARY, KITWE.   11/30/2022   NEWSPAPER Z03004694 11/30/2022 11/30/2022 MONOGRAPH